[Event "All Africa Games Kenya qual"]
[Site "Nairobi"]
[Date "2019.02.01"]
[Round "1.7"]
[White "Gohil, Mehul"]
[Black "Kuritto, Douglas"]
[Result "1-0"]
[WhiteElo "1950"]
[BlackElo "1751"]
[PlyCount "67"]
[EventDate "2019.02.01"]
[EventType "swiss"]
[EventRounds "6"]
[EventCountry "KEN"]
[SourceTitle "EXT 2024"]
[Source "ChessBase"]
[SourceDate "2023.10.10"]
[SourceVersion "1"]
[SourceVersionDate "2023.10.10"]
[SourceQuality "1"]

1. d4 d5 2. c4 c6 3. Nf3 Nf6 4. e3 Bf5 5. Nc3 e6 6. Nh4 Bg6 7. Qb3 Qb6 8. Nxg6 hxg6 9. Bd2 Nbd7 10. Qc2 Qc7 11. g3 Be7 12. Rc1 dxc4 13. Bxc4 Ng4 14. Bxe6 Nxh2 15. Nd5 Qd6 16. Bb4 Qxe6 17. Nc7+ Kf8 18. Nxe6+ fxe6 19. Bxe7+ Kxe7 20. Qxg6 Rag8 21. Ke2 Nf6 22. f3 Rh6 23. Qd3 Rgh8 24. Qa3+ Kf7 25. Qxa7 Nhg4 26. Qxb7+ Kg6 27. Rxh6+ Nxh6 28. Rxc6 Nf5 29. g4 Rh2+ 30. Kd3 Ng3 31. Rxe6 Nh1 32. Qe4+ Kf7 33. Re7+ Kf8 34. Qe6 1-0